000 00698cam a22002174a 4500
001 12139339
005 20250221130057.0
008 000811s2001 paua b 001 0 eng c
020 _a1560534133 (pbk. : alk. paper)
050 0 0 _aRD85.C64
_bC66 2001
082 0 0 _a617.9/6
_221
245 0 0 _aConscious sedation /
_c[edited by] Jeanine P. Wiener-Kronish, Michael A. Gropper.
260 _aPhiladelphia :
_bHanley & Belfus,
_cc2001.
300 _ax, 181 p. :
_bill. ;
_c23 cm.
650 0 _aConscious sedation.
650 0 _aIntravenous anesthesia.
650 1 2 _aConscious Sedation.
700 1 _aWiener-Kronish, Jeanine P.,
_d1951-
700 1 _aGropper, Michael A.,
_d1958-
942 _2lcc
_cBK
_n0
999 _c4042
_d4042